LIBRARY & INFORMATION CENTRE, KCAET, TAVANUR

ONLINE PUBLIC ACCESS CATALOGUE (OPAC)

Code of practice for painting of ferrous metals in buildings,IS:1477-1921 / (Record no. 4288)

MARC details
000 -LEADER
fixed length control field 00926cam a2200145ua 4500
041 ## - LANGUAGE CODE
Language code of text/sound track or separate title eng
082 ## - DEWEY DECIMAL CLASSIFICATION NUMBER
Classification number 698.12
Item number IND/CO
245 ## - TITLE STATEMENT
Title Code of practice for painting of ferrous metals in buildings,IS:1477-1921 /
260 ## - PUBLICATION, DISTRIBUTION, ETC. (IMPRINT)
Place of publication :
Name of publisher Bureau of Indian standards ,
Year of publication 1989.
300 ## - PHYSICAL DESCRIPTION
Number of Pages ; .
942 ## - ADDED ENTRY ELEMENTS (KOHA)
Koha item type Books
Holdings
Withdrawn status Lost status Damaged status Home library Current library Date acquired Full call number Accession Number Koha item type
      KAUAET   07/04/2012 698.12 17106 Books
free website counter